The Kings Majesties answer, or, Four propositions propounded to the Earle of Holland, Sir Philip Stapleton, and Sir John Holland : which propositions was presented to both Houses of Parliament on Saturday last being the 23. of Iuly, 1642 : in behalfe of all the Lords and Commons of England : likewise the Parliaments censure of the nine Lords now resident in the north, Iuly 20, 1642 : namely, the Earle of Dover, Earle of Devonshire, Earle of Northampton, Earle of Munmouth, Earle of Coventry, the Lord Andiver, Lord Savill, Lord Capell, and Lord Gray of Ruthin : for their great contempts to the Parliament, drawne up into two heads, and assented to by both Houses of Parliament, July 20, 1642.

Bibliographic Details
Corporate Author: England and Wales. Parliament
Format: eBook
Language:English
Published: London : Printed for T. Ryder, Iuly 25, 1642.
Series:Early English books online.
Subjects:
Online Access:Connect to the full text of this electronic book

MARC

Tag First Indicator Second Indicator Subfields
LEADER 00000nam a2200000Ia 4500
001 in00004266325
005 20200810073144.0
006 m g d
007 cr bn |||a|bb|
008 850710s1642 enk o 00| | eng d
035 |a (OCoLC)12248277 
040 |a EAA  |c EAA  |d m/c  |d UMI  |d WaOLN 
037 |a CL0037000007  |b ProQuest Information and Learning. 300 N. Zeeb Rd., Ann Arbor, MI 48106 
049 |a UMIA 
245 0 4 |a The Kings Majesties answer, or, Four propositions propounded to the Earle of Holland, Sir Philip Stapleton, and Sir John Holland :  |b which propositions was presented to both Houses of Parliament on Saturday last being the 23. of Iuly, 1642 : in behalfe of all the Lords and Commons of England : likewise the Parliaments censure of the nine Lords now resident in the north, Iuly 20, 1642 : namely, the Earle of Dover, Earle of Devonshire, Earle of Northampton, Earle of Munmouth, Earle of Coventry, the Lord Andiver, Lord Savill, Lord Capell, and Lord Gray of Ruthin : for their great contempts to the Parliament, drawne up into two heads, and assented to by both Houses of Parliament, July 20, 1642. 
260 |a London :  |b Printed for T. Ryder,  |c Iuly 25, 1642. 
300 |a 1 online resource ([8] pages) 
336 |a text  |b txt  |2 rdacontent 
337 |a computer  |b c  |2 rdamedia 
338 |a online resource  |b cr  |2 rdacarrier 
500 |a A summary of Parliament's actions against the royalist lords and of the King's answer to Parliament's "Propositions for peace, presented to the Kings most excellent majestie at Beverley" of 16 July 1642. For a text of the King's answer, see "The petition of the Lords and Commons assembled in Parliament: presented to His Majestie at Beverley ... With His Majesties answer thereunto". 
500 |a Reproduction of original in Thomason Collection, British Library. 
510 4 |a Wing  |c C2091 
533 |a Electronic reproduction.  |b Ann Arbor, Mich. :  |c UMI,  |d 1999-  |f (Early English books online)  |n Digital version of: (Early English books, 1641-1700 ; 246:E108, no 6)  |7 s1999 miun s 
600 0 0 |a Charles  |b I,  |c King of England,  |d 1600-1649. 
651 0 |a Great Britain  |x History  |y Civil War, 1642-1649. 
710 1 |a England and Wales.  |b Parliament.  |t Parliaments censure of the nine lords now resident in the north, July 20, 1642. 
740 0 |a Four propositions propounded to the Eatle [sic] of Holland, Sir Phillip Stapleton, and Sir John Holland. 
740 0 |a Kings Majesties answer. 
830 0 |a Early English books online. 
856 4 0 |u http://proxy.library.tamu.edu/login?url=https://search.proquest.com/docview/2240955709  |z Connect to the full text of this electronic book  |t 0 
999 f f |s 623fed84-9aac-3ce5-9479-b8e05dca81e5  |i 5582c9a2-e2c3-385c-b9e8-8f018dfcb366  |t 0 
952 f f |a Texas A&M University  |b College Station  |c Electronic Resources  |d Available Online  |t 0  |h No information provided 
998 f f |t 0  |l Available Online